Quantum mechanics
Enregistré dans:
| Auteurs principaux: | , |
|---|---|
| Format: | Livre |
| Langue: | anglais |
| Publié: |
Londres
Oliver and Boyd
1967
|
| Collection: | University Mathematical Texts, 35
|
| Sujets: | |
| Tags: |
Ajouter un tag
Pas de tags, Soyez le premier à ajouter un tag!
|
MARC
| LEADER | 00000nam a2200000 a 4500 | ||
|---|---|---|---|
| 001 | UCO3057 | ||
| 003 | CL-VaPUC | ||
| 008 | 000714e19670000UK |||||||||||||||||eng|d | ||
| 082 | 0 | 4 | |a 530.12 |b NEW |2 21 |
| 100 | |a Newing, R. A. |e author |q Newing, Robert Albert |9 446889 | ||
| 700 | 0 | |a Cunningham, J |e author |9 446890 | |
| 245 | 1 | 0 | |a Quantum mechanics |
| 300 | |a 225 p | ||
| 942 | |c BK | ||
| 945 | |d 20000714 00:00:00 |a vberengu | ||
| 260 | |a Londres |b Oliver and Boyd |c 1967 | ||
| 650 | 0 | |a Física matemática |9 260981 | |
| 650 | 0 | |a Teoría cuántica |9 266148 | |
| 583 | |a last modification |c 20000714 00:00:00 |k Rodrigo Vera | ||
| 490 | 0 | |a University Mathematical Texts, 35 | |
| 999 | |c 289532 |d 289530 | ||